| 000 | 02516nam0a2200337 4500 | ||
|---|---|---|---|
| 001 | RU\NLR\BIBL_A\011666647 | ||
| 005 | 20181108104201.0 | ||
| 010 |
_a978-5-7310-4069-3 _9100 |
||
| 021 |
_aRU _bКН-П-18-013835 _9КН-П-18-1000 |
||
| 035 | _a(NLR Aleph) 011666647 | ||
| 035 | _a(RuMoRGB)009555787 | ||
| 090 |
_a11212827 _c11212827 |
||
| 100 | _a20180329d2017 k y0rusy50 ca | ||
| 101 | 0 | _arus | |
| 102 | _aRU | ||
| 105 | _ay|||z|||100zy | ||
| 200 | 1 |
_aАктуальные проблемы философских наук _eсборник научных трудов _fМинистерство образования и науки Российской Федерации, Федеральное государственное бюджетное образовательное учреждение высшего образования "Санкт-Петербургский государственный экономический университет", Кафедра философии, научная сессия профессорско-преподавательского состава, Научных сотрудников и аспирантов по итогам НИР за 2016 год _gпод редакцией С.И. Тягунова, К.А. Ермилова |
|
| 210 |
_aСанкт-Петербург _cИзд-во Санкт-Петербургского государственного экономического университета _d2017 |
||
| 215 |
_a47 с. _d21 |
||
| 320 | _aБиблиогр. в подстроч. примеч. | ||
| 606 | 1 |
_aФилософия _jСборники _2nlr_sh1 _2nlr_sh2 _3RU\NLR\AUTH\666996 |
|
| 686 | 1 | _aЮ0,0я43 | |
| 702 | 1 |
_aТягунов _bС. И. _gСергей Иванович _4340 |
|
| 711 | 0 | 2 |
_aСанкт-Петербургский государственный экономический университет _bНаучная сессия профессорско-преподавательского состава, научных сотрудников и аспирантов по итогам НИР за 2016 год _f2017 _3RU\NLR\AUTH\880457482 |
| 712 | 0 | 2 |
_aСанкт-Петербургский государственный экономический университет _bКафедра философии _3RU\NLR\AUTH\880384388 _4570 |
| 942 | _cBOOK | ||
| 980 | _aNBR | ||
| 980 | _aNB | ||